[Event "Let's Play Chess!"]
[Site "http://www.queenalice.com/game.php?id=661680"]
[Date "2009.10.3"]
[Round "-"]
[White "elche"]
[Black "XdaQuestao"]
[Result "0-1"]
[WhiteElo "1693"]
[BlackElo "1300"]

1. e4 c5 2. Nc3 e6 3. g3 d6 4. Bg2 Bd7 5. d3 Be7 6. f4 Nc6 7. Nge2 Qc7 8. O-O
Nf6 9. h3 h5 10. Kh2 e5 11. f5 O-O-O 12. h4 Ng4+ 13. Kh1 Rdg8 14. Bh3 g5 15.
Bxg4 hxg4 16. f6 Bd8 17. Kg2 gxh4 18. Rh1 h3+ 19. Kh2 Bxf6 20. Nd5 Qd8 21. Qf1
Bh4 22. Rg1 Bg5 23. Bxg5 Rxg5 24. Qf6 Qxf6 25. Nxf6 Rh6 26. Nxd7 Kxd7 27. c3 f5
28. exf5 Rxf5 29. Rgf1 Rhf6 0-1

[Event "Challenge"]
[Site "http://www.queenalice.com/game.php?id=661799"]
[Date "2009.10.3"]
[Round "-"]
[White "XdaQuestao"]
[Black "GIOLE"]
[Result "0-1"]
[WhiteElo "1700"]
[BlackElo "2121"]

1. e4 e5 2. Nf3 Nc6 3. Bb5 Nf6 4. O-O Bc5 5. h3 O-O 6. Re1 Re8 7. c3 a6 8. Bxc6
dxc6 9. d4 exd4 10. e5 Nd5 11. cxd4 Bb6 12. Nc3 Be6 13. a4 h6 14. a5 Ba7 15. Be3
Nxe3 16. fxe3 b5 0-1

[Event "Challenge"]
[Site "http://www.queenalice.com/game.php?id=661800"]
[Date "2009.10.3"]
[Round "-"]
[White "GIOLE"]
[Black "XdaQuestao"]
[Result "1-0"]
[WhiteElo "2119"]
[BlackElo "1700"]

1. d4 Nf6 2. c4 g6 3. Nc3 Bg7 4. e4 d6 5. Be3 O-O 6. Bd3 e5 7. d5 Nbd7 8. Qd2 c5
9. O-O-O a5 10. f4 exf4 11. Bxf4 Qe7 12. Nf3 Nh5 13. Bh6 Ne5 14. Nxe5 dxe5 15.
Bg5 f6 16. Be3 1-0

[Event "Let's Play Chess!"]
[Site "http://www.queenalice.com/game.php?id=661839"]
[Date "2009.10.3"]
[Round "-"]
[White "Abstro"]
[Black "XdaQuestao"]
[Result "0-1"]
[WhiteElo "1942"]
[BlackElo "1991"]

1. Nc3 Nf6 2. e4 d6 3. d4 g6 4. h3 Bg7 5. d5 Nbd7 6. Bb5 O-O 7. Be3 a6 8. Bxd7
Bxd7 9. Nge2 c5 10. O-O b5 11. a3 b4 12. axb4 cxb4 13. Na4 Nxe4 14. Bd4 e5 15.
dxe6 Bxe6 16. Bxg7 Kxg7 17. b3 Rc8 18. Nb2 a5 19. Qd4+ Nf6 20. Rfc1 Kg8 21. Nf4
d5 22. Nd1 Ne4 23. Ne2 Qf6 24. Qb6 Rxc2 25. Rxa5 Rxe2 26. Kf1 Ng3+ 27. Kg1 Re1+
28. Kh2 Nf1+ 29. Kh1 Qf4 30. g3 Qf3+ 31. Kg1 Ne3+ 0-1

[Event "Let's Play Chess!"]
[Site "http://www.queenalice.com/game.php?id=661850"]
[Date "2009.10.3"]
[Round "-"]
[White "XdaQuestao"]
[Black "Abstro"]
[Result "0-1"]
[WhiteElo "2041"]
[BlackElo "1952"]

1. e4 e5 2. Nf3 Nc6 3. Bb5 Nf6 4. O-O d6 5. d4 a6 6. Bxc6+ bxc6 7. dxe5 Nxe4 8.
Re1 d5 9. c4 Bc5 10. Be3 Bxe3 11. Rxe3 O-O 12. cxd5 cxd5 13. Nc3 Nxc3 14. bxc3
Bg4 15. Qd3 Re8 16. Nd4 c5 17. Nc2 Be6 18. f4 a5 19. Rae1 Rb8 20. f5 c4 21. Qf1
Bc8 22. Nd4 Qb6 23. Qf4 Qb2 24. e6 fxe6 25. Nxe6 Bxe6 26. Rxe6 Rf8 27. f6 Qxc3
28. f7+ Kh8 29. Re8 g5 30. Qd6 Kg7 31. Qxb8 Qxe1+ 32. Rxe1 Rxb8 33. Re5 c3 34.
Rxd5 c2 0-1

[Event "Let's Play Chess!"]
[Site "http://www.queenalice.com/game.php?id=661855"]
[Date "2009.10.4"]
[Round "-"]
[White "XdaQuestao"]
[Black "Abstro"]
[Result "0-1"]
[WhiteElo "1728"]
[BlackElo "1943"]

1. e4 e5 2. Nf3 Nc6 3. Bb5 Nf6 4. O-O d6 5. h3 Nxe4 6. d4 Bd7 7. Bxc6 Bxc6 8.
dxe5 dxe5 9. Qxd8+ Rxd8 10. Nxe5 Bd5 11. c4 f6 12. cxd5 fxe5 13. Re1 Nc5 14.
Rxe5+ Kf7 15. Be3 Nd3 16. Rf5+ Kg6 17. g4 Nxb2 18. Nd2 b6 19. Nf3 h6 20. Ne5+
Kh7 21. Nf7 g6 22. Nxd8 gxf5 23. gxf5 Bg7 24. Ne6 Be5 25. f4 Bf6 26. Rc1 Rc8 27.
Kh2 Be7 28. Rxc7 Rxc7 29. Nxc7 Nc4 30. Bd4 Bd8 31. Ne6 Be7 32. f6 Bxf6 33. Bxf6
Kg6 34. Be5 Nxe5 35. fxe5 Kf5 0-1

[Event "AUTO-OPEN-1712"]
[Site "http://www.queenalice.com/game.php?id=662537"]
[Date "2009.10.4"]
[Round "1"]
[White "rubenov"]
[Black "XdaQuestao"]
[Result "0-1"]
[WhiteElo "1998"]
[BlackElo "1910"]

1. d4 Nf6 2. Nc3 g6 3. e4 d6 4. h3 Bg7 5. Nf3 O-O 6. Bc4 h6 7. Be3 Nbd7 8. Qd2
Kh7 9. g4 e5 10. g5 Nh5 11. gxh6 Bf6 12. dxe5 Bxe5 13. Ng5+ Kg8 14. f4 Bxc3 15.
Qxc3 Qf6 16. Bd4 Ne5 17. Qd2 Qxf4 18. Qg2 Qg3+ 19. Qxg3 Nxg3 20. h7+ Kg7 21. Rg1
Nh5 22. Nxf7 Kxh7 23. Ng5+ Kg7 0-1

[Event "AUTO-OPEN-1712"]
[Site "http://www.queenalice.com/game.php?id=662538"]
[Date "2009.10.4"]
[Round "1"]
[White "XdaQuestao"]
[Black "rubenov"]
[Result "1-0"]
[WhiteElo "1788"]
[BlackElo "1998"]

1. e4 b6 2. d4 Bb7 3. Nc3 e6 4. a3 Nf6 5. Bg5 Be7 6. f3 d6 7. Bd3 h6 8. Be3 Nbd7
9. Nge2 O-O 10. O-O c5 11. dxc5 bxc5 12. Qd2 e5 13. f4 d5 14. exd5 Nxd5 15. Nxd5
Bxd5 16. Bh7+ Kxh7 17. Qxd5 exf4 18. Rxf4 Nf6 19. Qc4 Rc8 20. Nc3 Qa5 21. Re1
Kg8 22. Bd2 Qb6 23. Rxe7 Qxb2 24. Rxf6 gxf6 25. Bxh6 1-0

[Event "AUTO-OPEN-1712"]
[Site "http://www.queenalice.com/game.php?id=662565"]
[Date "2009.10.4"]
[Round "1"]
[White "Givanildo"]
[Black "XdaQuestao"]
[Result "0-1"]
[WhiteElo "1468"]
[BlackElo "1761"]

1. e4 c5 2. Bc4 e6 3. e5 Nc6 4. Nf3 d6 5. Bb5 Bd7 6. Bxc6 Bxc6 7. d3 Qc7 8. Bg5
Be7 9. Bf4 O-O-O 10. d4 cxd4 11. Nxd4 dxe5 12. Bg3 Qa5+ 13. Qd2 Qxd2+ 14. Nxd2
exd4 15. O-O f6 16. Rae1 e5 17. a3 h5 18. h4 Nh6 19. f3 Nf5 20. Bh2 Bc5 21. Nb3
Bb6 22. Kh1 Rdg8 23. f4 Nxh4 24. Rf2 e4 25. Bg3 e3 26. Rfe2 g5 27. fxg5 fxg5 28.
Bxh4 gxh4 29. Rg1 h3 30. Ra1 hxg2+ 31. Kg1 h4 32. a4 h3 33. Kh2 Bc7+ 34. Kg1 h2#
0-1

[Event "AUTO-OPEN-1712"]
[Site "http://www.queenalice.com/game.php?id=662566"]
[Date "2009.10.4"]
[Round "1"]
[White "XdaQuestao"]
[Black "Givanildo"]
[Result "1-0"]
[WhiteElo "1697"]
[BlackElo "1490"]

1. e4 e5 2. Nf3 f6 3. Nc3 c6 4. d4 Qa5 5. dxe5 fxe5 6. Bd2 Bb4 7. Bc4 Bxc3 8.
Bxc3 Qc5 9. b3 Nf6 10. O-O Ng4 11. Ng5 d5 12. exd5 Rf8 13. Qe2 cxd5 14. Bb5+ Bd7
15. Bxd7+ Nxd7 16. Qxg4 Qxc3 17. Qe6+ Kd8 18. Nf7+ Rxf7 19. Qxf7 Kc7 20. Qxd5
Rf8 21. Rad1 Rd8 22. Qf7 Qxc2 23. Rc1 Qxc1 24. Rxc1+ Kb8 25. Qxg7 e4 26. Qg3+
Ka8 27. Qc7 Rf8 28. Qxd7 e3 29. Rc8+ Rxc8 30. Qxc8# 1-0

[Event "AUTO-OPEN-1712"]
[Site "http://www.queenalice.com/game.php?id=662583"]
[Date "2009.10.4"]
[Round "1"]
[White "deltaboy"]
[Black "XdaQuestao"]
[Result "1-0"]
[WhiteElo "2322"]
[BlackElo "1825"]

1. e4 c5 2. Nf3 d6 3. d4 cxd4 4. Nxd4 g6 5. Bg5 Bg7 6. c3 Nf6 7. Nd2 O-O 8. Be2
h6 9. Bh4 g5 10. Bg3 Nc6 11. Nxc6 bxc6 12. Qa4 Bd7 13. e5 c5 14. Qa3 Ne8 15. O-O
Rb8 16. exd6 exd6 17. Nc4 Qc7 18. Rfd1 Be5 19. Bd3 Bxg3 20. hxg3 Nf6 21. Nxd6
Kg7 22. Bc2 Rb6 23. Nc4 Rbb8 24. b3 Be6 25. Ne3 Rfd8 26. Qb2 Rxd1+ 27. Rxd1 Rd8
28. Qc1 Rxd1+ 29. Qxd1 Qa5 30. Qa1 Kg8 31. Qb2 Nd5 32. Nxd5 1-0

[Event "AUTO-OPEN-1712"]
[Site "http://www.queenalice.com/game.php?id=662584"]
[Date "2009.10.4"]
[Round "1"]
[White "XdaQuestao"]
[Black "deltaboy"]
[Result "0-1"]
[WhiteElo "1825"]
[BlackElo "2323"]

1. e4 e6 2. d4 d5 3. Nc3 dxe4 4. Nxe4 Nd7 5. Nf3 Be7 6. Be2 Ngf6 7. Nc3 O-O 8.
O-O b6 9. h3 Bb7 10. Be3 c5 11. dxc5 Nxc5 12. Qxd8 Rfxd8 13. Rad1 Nce4 14. Nxe4
Bxe4 15. Rxd8+ Rxd8 16. c3 h6 17. Nd4 Bc5 18. Rd1 e5 19. Nf3 Rxd1+ 20. Bxd1 Bd6
21. Nd2 Bd5 22. c4 Bc6 23. b3 Kf8 24. f3 Bb4 25. Bc2 Bc5 26. Bxc5+ bxc5 27. Kf2
Ke7 28. Ke3 g6 29. Ne4 Bxe4 30. fxe4 a5 31. g4 Ne8 32. a3 Nc7 0-1

[Event "Let's Play Chess!"]
[Site "http://www.queenalice.com/game.php?id=662595"]
[Date "2009.10.4"]
[Round "-"]
[White "XdaQuestao"]
[Black "BobySponja"]
[Result "0-1"]
[WhiteElo "1980"]
[BlackElo "1798"]

1. e4 e5 2. Nf3 Nf6 3. Nc3 Be7 4. Bc4 d6 5. h3 Nc6 6. O-O Be6 7. Bxe6 fxe6 8. d4
exd4 9. Nxd4 Nxd4 10. Qxd4 a6 11. f4 b6 12. Qc4 Qd7 13. Be3 b5 14. Qb3 c5 15.
Rad1 c4 16. Qa3 d5 17. Bc5 O-O 18. Bxe7 Rfe8 19. Bxf6 gxf6 20. exd5 exd5 21.
Rxd5 Qb7 0-1

[Event "Challenge"]
[Site "http://www.queenalice.com/game.php?id=664525"]
[Date "2009.10.8"]
[Round "-"]
[White "galo4kid"]
[Black "XdaQuestao"]
[Result "1-0"]
[WhiteElo "1567"]
[BlackElo "1761"]

1. b3 c5 2. Bb2 d5 3. g3 Nc6 4. e3 a6 5. Bd3 e5 6. e4 Nf6 7. Nc3 d4 8. Nce2 Nb4
9. Bc4 b5 10. Bd3 Be6 11. a3 Nxd3+ 12. cxd3 Bd6 13. h4 Rc8 14. Nf3 c4 15. dxc4
bxc4 16. bxc4 Bxc4 17. Ng5 h6 18. Nf3 Nxe4 19. d3 Qa5+ 20. Kf1 Nc3 21. Bxc3 dxc3
22. dxc4 Be7 23. Qd3 O-O 24. Nxc3 Rfd8 25. Nd5 1-0

[Event "AUTO-INT-1480"]
[Site "http://www.queenalice.com/game.php?id=667631"]
[Date "2009.10.15"]
[Round "1"]
[White "XdaQuestao"]
[Black "chouia"]
[Result "0-1"]
[WhiteElo "1791"]
[BlackElo "1695"]

1. e4 c5 2. Nf3 d6 3. Nc3 Nf6 4. b3 Nc6 5. Bb2 Bg4 6. Be2 Nd4 7. Nxd4 cxd4 8.
Nb5 Bxe2 9. Qxe2 e5 10. O-O a6 11. Na3 Be7 12. f4 Rc8 13. c3 dxc3 14. dxc3 O-O
15. c4 exf4 0-1

[Event "AUTO-INT-1480"]
[Site "http://www.queenalice.com/game.php?id=667632"]
[Date "2009.10.15"]
[Round "1"]
[White "chouia"]
[Black "XdaQuestao"]
[Result "1-0"]
[WhiteElo "1673"]
[BlackElo "1825"]

1. d4 Nf6 2. Nf3 g6 3. Bf4 Bg7 4. e3 d6 5. Bd3 O-O 6. O-O Bg4 7. Be2 Nbd7 8.
Nbd2 Ne8 9. h3 Bxf3 10. Nxf3 e5 11. dxe5 dxe5 12. Bg3 e4 13. Nd2 f5 14. Bc4+ Kh8
15. c3 Nb6 16. Bb3 1-0

[Event "AUTO-INT-1480"]
[Site "http://www.queenalice.com/game.php?id=667635"]
[Date "2009.10.15"]
[Round "1"]
[White "XdaQuestao"]
[Black "carlosjvega"]
[Result "0-1"]
[WhiteElo "1915"]
[BlackElo "1717"]

1. e4 c5 2. Nf3 Nc6 3. Nc3 e6 4. d4 cxd4 5. Nxd4 Nxd4 6. Qxd4 Ne7 7. Be3 Nc6 8.
Qd2 Bb4 9. Bd3 d5 10. exd5 exd5 11. Qe2 O-O 12. O-O Bxc3 13. bxc3 Re8 14. Qh5 g6
15. Qf3 Ne5 16. Qd1 a6 17. Be2 b5 18. Bd4 Nc4 0-1

[Event "AUTO-INT-1480"]
[Site "http://www.queenalice.com/game.php?id=667636"]
[Date "2009.10.15"]
[Round "1"]
[White "carlosjvega"]
[Black "XdaQuestao"]
[Result "1-0"]
[WhiteElo "1741"]
[BlackElo "1866"]

1. c4 c5 2. Nc3 Nc6 3. e3 e5 4. Nf3 d6 5. d4 cxd4 6. exd4 Bg4 7. d5 Nd4 8. Be2
Nxe2 9. Qxe2 Nf6 10. O-O Be7 11. Ne4 O-O 12. h3 Bxf3 13. Nxf6+ Bxf6 14. Qxf3 Bg5
15. Bxg5 Qxg5 16. Rfe1 f5 17. a4 e4 18. Qe3 Rae8 19. Qxg5 1-0